000 00345nam a2200133Ia 4500
008 240624s9999 xx 000 0 und d
041 _aeng
082 _a338.9 HSU
100 _aHSU SARA
245 _aLESSONS IN SUSTAINABLE DEVELOPMENT FROM
260 _c2014
_aNew York
_bPalgrave Macmillan
300 _aix, 99 p.; 22 cm.
365 _cBPS
_b38
999 _c29096
_d29096